Регионална библиотека "Любен Каравелов" - Русе

Повести (Запис номер 153482)

MARC детайли
000 -Лидер
Контролно поле с фиксирана дължина 01412nam a2200325 c 4500
003 - Код на организацията, давaща контролен номер
Контролно поле BLK
005 - Дата и час на последна редакция
Контролно поле 20240612151345.0
008 - Елементи от данни с фиксирана дължина
fixed length control field 180410b bul|||||r ||||||| ||bul||
010 ## - Наследен системен номер
LC control number KNG00160012000
040 ## - Източник на каталожния запис
Идентификатор на билиотеката - собственик на записа BLK
041 ## - Код за език
Код за езика на текст/звукозапис или на отделно заглавие Български
Код за езика КДБФ Български
080 ## - УДК
Текстов определител УДК Руска литература
УДК код - определител по УДК 821.161.1
УДК определител -32
УДК - код + определител 821.161.1-32
100 1# - Редна дума - Автор
Автор Кримов, Юрий Соломонович
Авторска отговорност първи автор
R(LIN) 84224
139 ## - Редно поле
Редна дума Кримов, Юрий Соломонович
Авторски знак Кре - К 90
245 10 - Сведения за заглавието
Заглавие Повести
Редно поле (дума) Юрий Соломонович Кримов; прев. от рус. Катя Атанасова Койчева; предг. от Юрий Николаевич Либедински.
257 ## - Страна на издаване
Страна на създаване/издаване СССР
260 ## - Област на издателските данни
Име на издателя, разпространителя и проч. Профиздат
Година на издаване 1956
Място на издаване, разпространение и проч. София
300 ## - Физическа характеристика
Страници XII, 368 с.
Размери/Мащаб 20 см
380 ## - Жанр
Жанр Худож. лит.
500 ## - Общи забележки
Забележка 5 000 тир. - Кн. съдържа повестите Танкер Дербент и Инженер.
700 ## - Други автори (авторска отговорност)
Лично име Койчева, Катя Атанасова
Дати, свързани с автора 1926 - 1993
Друга информация Преводач от руски език
9 (RLIN) 281153
700 1# - Други автори (авторска отговорност)
Лично име Либедински, Юрий Николаевич
Автороска отговорност (Описва отношението между автора и произведението) предг. от
9 (RLIN) 88678
852 ## - Местоположение
Форматна сигнатура Цб 4332
Фондова буква Хранилище
856 4# - Електронен адрес и достъп
Електронен формат pdf - файл
856 4# - Електронен адрес и достъп
Електронен формат pdf - файл
999 ## - СИСТЕМНИ КОНТРОЛНИ НОМЕРА
Koha biblionumber 153482
Koha biblioitemnumber 153482
942 ## - АРТИКУЛИ
Вид на библиотечния материал Книги
Скрит в OPAC Не
Периодичен библиозапис Да
944 ## - СЪЗДАВАНЕ И РЕДАКЦИЯ на ЗАПИСА
Създаване/Редакция Създаване
Дата на регистрацията/редакция 17.04.2014
Статус, дата на статуса Геновева Генчева
Служител, извършил регистрацията/редакцията 30560
944 ## - СЪЗДАВАНЕ И РЕДАКЦИЯ на ЗАПИСА
Създаване/Редакция Редакция
Дата на регистрацията/редакция 17.04.2014
Статус, дата на статуса 17.04.2014 - от С1,Р / 17.04.2014
999 ## - СИСТЕМНИ КОНТРОЛНИ НОМЕРА
Koha biblioitemnumber 153482
Наличности
Код за отписване Код за изгубен артикул Източник на класификационната схема Код за повреда Коз за рестрикции Код за отдаване Артикулен № Име на библиотеката - собственик Име на библиотеката, в която се намира в момента Статус (Текущо местоположение) Дата на вписване в системата Местоположение - отдел Цена в лева Инвентарен номер Систематично азбучна сигнатура Баркод Номер на екземпляра Цена в евро Служебна бележка Служебен тип на артикула
  Не е изгубен Universal Decimal Classification Не е повреден без рестрикции ползва се в читалня 257159 Регионална библиотека "Любен Каравелов" Русе Регионална библиотека "Любен Каравелов" Русе Хранилище 1956-01-01 Основен фонд - ползва се само за читалня 1.22 10183/56 Цб 4332 900000079729 1 0.62 N: стар фонд Дата: 01.01.1956 Книги
Vip Innovations Ltd, Rousse, Bulgaria 2025